Logo

Description automatically generated
विद्यार्जन
 संसाधन केंद्र, भारतीय प्रौद्योगिकी संस्थान इन्दौर
Learning Resource Center, Indian Institute of Technology Indore

ऑनलाइन सार्वजनिक अभिगम प्रसूची
Online Public Access Catalogue (OPAC)

If on a winter's night a traveller (Record no. 57412)

MARC details
000 -LEADER
fixed length control field 00684nam a2200241Ia 4500
005 - DATE AND TIME OF LATEST TRANSACTION
control field 20260704175958.0
008 - FIXED-LENGTH DATA ELEMENTS--GENERAL INFORMATION
fixed length control field 260704s9999||||xx |||||||||||||| ||und||
020 ## - INTERNATIONAL STANDARD BOOK NUMBER
International Standard Book Number 9780099430896
Qualifying information pbk
082 ## - DEWEY DECIMAL CLASSIFICATION NUMBER
Classification number 853.914
Item number CAL
100 ## - MAIN ENTRY--PERSONAL NAME
Personal name Calvino, Italo
245 #0 - TITLE STATEMENT
Title If on a winter's night a traveller
260 ## - PUBLICATION, DISTRIBUTION, ETC.
Place of publication, distribution, etc. London
Name of publisher, distributor, etc. Vintage Books
Date of publication, distribution, etc. 1998
300 ## - PHYSICAL DESCRIPTION
Extent 258p. ; 20cm.
490 ## - SERIES STATEMENT
Series statement Vintage classics
653 ## - INDEX TERM--UNCONTROLLED
Uncontrolled term Authors—Fiction
653 ## - INDEX TERM--UNCONTROLLED
Uncontrolled term Authors—Fiction
653 ## - INDEX TERM--UNCONTROLLED
Uncontrolled term Books and reading—Fiction
653 ## - INDEX TERM--UNCONTROLLED
Uncontrolled term Italian fiction—Translations into English
653 ## - INDEX TERM--UNCONTROLLED
Uncontrolled term Metafiction
653 ## - INDEX TERM--UNCONTROLLED
Uncontrolled term Readers—Fiction
700 ## - ADDED ENTRY--PERSONAL NAME
Personal name Weaver, William [tr.]
942 ## - ADDED ENTRY ELEMENTS (KOHA)
Koha item type Book
Holdings
Withdrawn status Lost status Damaged status Not for loan Home library Current library Shelving location Date acquired Source of acquisition Total Checkouts Full call number Barcode Date last seen Price effective from Koha item type
        LRC, IIT Indore LRC, IIT Indore 2nd Floor - General Stack 04/07/2026 Gratis Book Price: INR 299.00   853.914 CAL G2637 04/07/2026 04/07/2026 Book
Copyright © 2017-2026 Indian Institute of Technology Indore. All Rights Reserved.
Managed & maintained by Learning Resource Center, IIT Indore